000 00732nab a2200229 u 4500
001 10259
003 HDC
007 cr bn ---aaaaa
008 210104c mydr|noo 0 a may d
040 _aHDC
245 0 _aPHFA draft to be presented in parliament soon'
260 _a[No place] :
_bDaily times ,
_c[no year]
336 _atext
_2rdacontent
337 _acomputer
_2rdamedia
338 _aonline resource
_2rdacarrier
650 _aHalal food
_950
650 _aHalal issues
_91644
856 _zRequest full-text at [email protected]
942 _2lcc
942 _cNEWS
942 _kNWSO 000421
999 _c7582
_d7582